01503nam a2200289Ia 4500008004100000020001400041040001800055041000800073245006200081246002500143260006100168300003200229490002000261500023600281508013600517511013200653546008400785650002000869650003100889650002900920650005400949650005601003650001701059700002201076710002601098856008901124130821s1947 xxua gs eng  a783219571 aCo-BoUCMbspa00aeng03aGentleman's agreementc[DVD]c[dirigida por] Oliver Stone13aLa barrera invisible aWashington D.C. (Estados Unidos)b20th Century Foxc1947 a1 DVD (118 min. )bson. byn 0aStudio Classics aSINOPSIS : Un escritor que realiza un libro sobre el antisemitismo se hace pasar por judío, sorprendiéndose de la cantidad de problemas y las reacciones de amigos y compañeros de trabajo que conlleva profesar esta religión. aDirector, Elia Kazan; Productor, Darryl F. Zanuck ; Guión, Moss Hart; Música, Alfred Newman; Fotografía, Arthur Miller (B&N). aGregory Peck, Dorothy McGuire, John Garfield, Celeste Holm, Anne Revere, June Havoc, Albert Dekker, Jane Wyatt, Dean Stockwell. aAudio en Inglés, Español y Francés. Subtítulos en Inglés y Español.04aEntretenimiento04aEscritores en el cinevDVD04aJudíos en el cinevDVD04aJudíosxCondiciones políticas y socialesvDVD04aPelículas cinematográficaszEstados UnidosvDVD04aSociología1 aKazan, Eliaedir.2 aTwentieth Century Fox04uhttp://www.youtube.com/watch?v=KYDIWrcevkQzSiga este vínculo para ver el trailer.